000 00586cab a2200229 4500
001 X558
008 090401t1993 xxu||||| |||| 00| 0 eng d
035 _a(Sirsi) u97804
041 _aeng
245 _aCouncil tax on farm houses
260 _c1993
350 _a0
490 _aCS Monthly : Rural Practice
_v2(7) April 1993, 2(1)
650 _aAGRICULTURAL DWELLINGS
650 _aFARM HOUSES
650 _aLOCAL GOVERNMENT FINANCE ACT 1992
650 _aTIED COTTAGES
650 _aValuation
_96273
690 _aRATING AND VALUATION
942 _n0
948 _c04/03/1997
999 _c59690
_d59690